=LDR 00000nam 2200000 4500 =001 INLIS000000000028694 =005 20130612131000 =008 ***********************************Ind** =035 ##$$0010-061300000028694 =041 ##$$a Ind =082 ##$$a 371.272 =090 ##$$a 371.272, Pem p =245 ##$$a Pemantapan menghadapi ujian nasional SMA/MA IPS =260 ##$$a 2007 $b Bandung =300 ##$$a 432 hlm, ilus, 28 cm =650 ##$$a Pendidikan =850 ##$$a NBPNMAT =990 ##$$a 0001/BPAP-NTB/2016 =990 ##$$a 0001/BPAP-NTB/2016 =990 ##$$a 04620462 =990 ##$$a 20800848 =990 ##$$a 20706427 =990 ##$$a 0001/BPAP-NTB/2016